Statistics for NASCAR Cup Series Playoff Drivers 2004 - Present

Click here to take the quiz!

General Stats

  • This quiz has been taken 72 times
  • The average score is 32 of 47

Answer Stats

Answer% Correct
Kyle Busch
98%
Denny Hamlin
96%
Kurt Busch
94%
Joey Logano
92%
Kevin Harvick
92%
Kyle Larson
90%
Brad Keselowski
88%
Chase Elliott
88%
Dale Earnhardt, Jr.
88%
Jeff Gordon
88%
Jimmie Johnson
88%
Martin Truex, Jr.
88%
Ryan Blaney
86%
Matt Kenseth
84%
Bubba Wallace
82%
Rusty Wallace
78%
Tony Stewart
78%
William Byron
78%
Ross Chastain
76%
Christopher Bell
75%
Alex Bowman
73%
Austin Dillon
73%
Carl Edwards
73%
Chris Buescher
71%
Michael McDowell
71%
Ricky Stenhouse, Jr.
69%
Ryan Newman
69%
Tyler Reddick
67%
Austin Cindric
65%
Clint Bowyer
65%
Aric Almirola
63%
Kasey Kahne
63%
Mark Martin
63%
Greg Biffle
59%
Erik Jones
57%
A.J. Allmendinger
55%
Daniel Suarez
55%
Chase Briscoe
47%
Jamie McMurray
47%
Juan Pablo Montoya
45%
Jeff Burton
43%
Brian Vickers
41%
Cole Custer
29%
Jeremy Mayfield
27%
Paul Menard
27%
Matt DiBenedetto
24%
Elliott Sadler
18%

Score Distribution

Percentile by Number Answered

Percent of People with Each Score

Your Score History

You have not taken this quiz